| 000 | nam a22 7a 4500 | ||
|---|---|---|---|
| 999 |
_c17704 _d17704 |
||
| 008 | 161129b xxu||||| |||| 00| 0 eng d | ||
| 020 | _a9780547115900 | ||
| 050 | _aHF 5415 .P75 2007 | ||
| 100 |
_aPride,William M. _d2007 |
||
| 245 | _aFoundations of marketing. | ||
| 250 | _a2rd ed | ||
| 260 |
_aBoston: _bHoughton mifflin company, _c2007 |
||
| 300 | _axxi,537p.:ill | ||
| 650 | _aMarketing. | ||
| 650 | _aBusiness. | ||
| 700 | _aFerrell,O.C. | ||
| 942 |
_2lcc _cBOOKS _hHF 5415 .P75 2007 |
||